Summertime Sadness - Lana Del Rey (Missing Lyrics) - Statistics

General Stats
  • This quiz has been taken 1,321 times
  • The average score is 28 of 34
Answer Stats
Lyrics Missing % Correct
Summertime ___ sadness
100%
I just wanted you to ___ know
99%
___ me hard before you go Kiss
98%
I got my ___ dress on tonight red
98%
That, baby, you're the ___ best
97%
Oh my God, I ___ it in the air feel
94%
___ sadness Summertime
92%
That, ___, you're the best baby
91%
Kiss me ___ before you go hard
91%
I ___ wanted you to know just
91%
I got that summertime, summertime ___ sadness
91%
Done my hair up real big beauty ___ style queen
87%
Nothing ___ me anymore scares
86%
Oh my ___, I feel it in the air God
85%
Nothing scares me ___ anymore.
84%
Kiss me hard ___ you go before
84%
___ sadness Summertime
84%
___, baby, you're the best That
82%
I just ___ you to know wanted
82%
Telephone ___ above are sizzling like a snare wires
82%
Dancing in the ___ of the pale moonlight dark
81%
I got that ___, ___ sadness summertime
81%
Honey, I'm on ___, I feel it everywhere fire
80%
___, I'm on fire, I feel it everywhere Honey
79%
Telephone wires above are sizzling like a ___ snare
79%
I know if I go, I'll die ___ tonight happy
78%
High ___ off, I'm feeling alive heels
77%
Oh, I'm feeling ___ tonight electric
69%
Think I'll miss you ___ forever
69%
Later's better than ___ never
69%
Like the ___ miss the sun in the morning sky stars
66%
Got my ___ baby by my heavenly side bad
56%
Cruising down the ___, goin' 'bout 99 coast
50%
Even if you're gone, I'm gonna ___ drive
43%
No matching quizzes found
Score Distribution
Percent of People with Each Score
Percentile by Number Answered
Your Score History
You have not taken this quiz